000 00533nam a22002057a 4500
003 IIN
005 20250428154435.0
008 250428s |||ad||| |||| 001 0 eng d
020 _a9789393885395
040 _aIIN
082 _a610.73072
_bVEN
100 _aVenkatesan, B
245 _aNursing Research and Statistics BSc. Nursing
_cB. Venkatesan
260 _aBangalore
_bEMMESS
_c2023
300 _axx, 313 p.
_bill.
500 _aIncludes Index
650 _aResearch
_vNursing
650 _aStatistics
_vNursing
942 _cBOOK
999 _c1760
_d1760